000 00825nam a2200217 a 4500
001 000040391
005 20201002034113.0
008 130823s2002 mx 000 0 spa d
020 _a9683690299
040 _aDO-SdBNP
_bspa
_cBNPHU
100 1 _aRíos Estavillo, Juan José
_966694
245 1 0 _aDerechos de las trabajadores domésticos /
_cJuan José Ríos Estavillo.
260 _aMéxico :
_bUniversidad Nacional Autónoma de México :
_bCámara de Diputados;,
_c2002.
300 _a53 p. :
_bil. ;
_c22 cm.
490 1 _aNuestros derechos
504 _aPrimera reimpresión de la segunda edición 2002
500 _aIncluye datos biográficos de los autores en la contracubierta
504 _aBibliografía : p. 53
710 2 _aUniversidad Nacional Autónoma de México
_942447
830 0 _aNuestros derechos
_966667
999 _c39881
_d39881